[Event "ch-Commonwealth 2012"]
[Site "Chennai IND"]
[Date "2012.11.23"]
[Round "2"]
[White "Muthaiah, AL"]
[Black "Rathnakaran, K."]
[Result "0-1"]
[BlackTitle "IM"]
[WhiteElo "1972"]
[BlackElo "2430"]
[WhiteFideId "5092442"]
[BlackFideId "5005507"]
[EventDate "2012.11.23"]

1. d4 Nf6 2. Nf3 g6 3. Bf4 Bg7 4. e3 O-O 5. Nbd2 d6 6. Bc4 Nbd7 7. O-O Nh5 8.
Bg5 h6 9. Bh4 g5 10. Bg3 Nxg3 11. fxg3 e5 12. c3 Kh8 13. g4 Nb6 14. Bd3 Bxg4 15.
h3 Bd7 16. e4 exd4 17. Nxd4 d5 18. e5 c5 19. Nf5 Bxf5 20. Rxf5 Nd7 21. Qh5 Qb6
22. Kh1 c4 23. Be2 Nxe5 24. Rxg5 Qe3 25. Rf5 Qxd2 26. Rd1 Qe3 27. Rxd5 Rae8 28.
Bf1 a6 29. Rd4 b5 30. Rdf4 Qg3 31. b3 cxb3 32. axb3 Qxc3 33. Rf6 Ng6 34. Rf3 Qc1
35. Rxf7 Rxf7 36. Rxf7 Re1 37. Qf5 Ne5 38. Rf8+ Bxf8 39. Qxf8+ Kh7 40. Qe7+ Kg8
41. Qd8+ Kg7 42. Qd4 Rxf1+ 43. Kh2 Qe1 44. Qa7+ Nf7 45. Qd4+ Kg8 46. Qg4+ Kh7
47. h4 Rh1# 0-1

[Event "ch-Commonwealth 2012"]
[Site "Chennai IND"]
[Date "2012.11.23"]
[Round "2"]
[White "Ankit, R. Rajpara"]
[Black "Lasyan, G"]
[Result "1-0"]
[WhiteTitle "IM"]
[WhiteElo "2423"]
[BlackElo "1961"]
[WhiteFideId "5023335"]
[BlackFideId "5068800"]
[EventDate "2012.11.23"]

1. e4 c5 2. Nf3 d6 3. c3 Nf6 4. Bd3 Nc6 5. Bc2 Bg4 6. d3 e6 7. Nbd2 Be7 8. h3
Bh5 9. Nf1 Ne5 10. g4 Nxf3+ 11. Qxf3 Bg6 12. Ng3 h5 13. Ba4+ Kf8 14. g5 Nd7 15.
h4 Ne5 16. Qe2 d5 17. Bc2 dxe4 18. dxe4 f6 19. f4 Ng4 20. Bd2 Qc7 21. O-O-O Bf7
22. gxf6 gxf6 23. Rhg1 c4 24. f5 e5 25. Nf1 Rd8 26. Ne3 Bc5 27. Nxg4 hxg4 28.
Rg2 Rxh4 29. Qe1 Rh7 30. Qg3 Ke7 31. Qxg4 Rg8 32. Qe2 Rxg2 33. Qxg2 b5 34. b4
cxb3 35. Bxb3 Bc4 36. Kb1 Qc6 37. Bxc4 bxc4 38. Ka1 Qd6 39. Qg8 Rf7 40. Rb1 Bb6
41. Bc1 Rf8 42. Qxc4 Kd7 43. Ba3 Qxa3 44. Rd1+ Ke8 45. Qe6+ Qe7 46. Qc6+ Kf7 47.
Rd7 Qxd7 48. Qxd7+ Kg8 49. Kb2 Rf7 50. Qe8+ Kg7 51. Kb3 Be3 52. Kc4 Bg5 53. Kd3
Rf8 54. Qd7+ Rf7 55. Qd5 Bh4 56. Ke2 Bg5 57. c4 Bc1 58. c5 Ba3 59. c6 Bb4 60.
Qxf7+ 1-0

[Event "ch-Commonwealth 2012"]
[Site "Chennai IND"]
[Date "2012.11.23"]
[Round "2"]
[White "Radha, S. R."]
[Black "Swayams, Mishra"]
[Result "0-1"]
[BlackTitle "IM"]
[WhiteElo "1968"]
[BlackElo "2423"]
[WhiteFideId "5004349"]
[BlackFideId "5028183"]
[EventDate "2012.11.23"]

1. e4 e6 2. d4 d5 3. e5 c5 4. c3 Qb6 5. Nf3 Bd7 6. Be2 Bb5 7. O-O Bxe2 8. Qxe2
Nc6 9. Be3 Rc8 10. dxc5 Bxc5 11. Bxc5 Qxc5 12. Nbd2 Nge7 13. Nb3 Qb6 14. Rad1
O-O 15. Rfe1 a6 16. Nfd4 Ng6 17. Nxc6 bxc6 18. g3 c5 19. h4 Ne7 20. h5 h6 21.
Kg2 a5 22. Nc1 Rb8 23. Rd2 Qc6 24. Kh2 c4 25. Qd1 Qc7 26. f4 Rb6 27. Re3 Rfb8
28. b3 cxb3 29. Nxb3 a4 30. Nd4 Rb2 31. Rc2 Qc4 32. Qe2 Qxa2 0-1

[Event "ch-Commonwealth 2012"]
[Site "Chennai IND"]
[Date "2012.11.23"]
[Round "2"]
[White "Himanshu, Sharma"]
[Black "Iskandar, Bin Abdullah"]
[Result "1-0"]
[WhiteTitle "IM"]
[WhiteElo "2417"]
[BlackElo "1960"]
[WhiteFideId "5007836"]
[BlackFideId "5802105"]
[EventDate "2012.11.23"]

1. e4 e6 2. f4 d5 3. e5 c5 4. Nf3 Nc6 5. c3 Rb8 6. Na3 Nge7 7. d4 Qb6 8. dxc5
Qxc5 9. Nc2 Ng6 10. Be3 Qa5 11. Bd3 Bd7 12. h4 Qc7 13. h5 Nge7 14. Qe2 d4 15.
Ncxd4 Nxd4 16. Nxd4 Nd5 17. Rd1 Bc5 18. Be4 Nxe3 19. Qxe3 O-O 20. Bc2 f6 21. Qd3
f5 22. Bb3 Rbd8 23. Bxe6+ Kh8 24. Bxd7 Qxd7 25. Qc4 Bb6 26. Rh3 Qe7 27. Ne6 Rc8
28. Qd5 Rfe8 29. Ng5 Rc5 30. Qd6 1-0

[Event "ch-Commonwealth 2012"]
[Site "Chennai IND"]
[Date "2012.11.23"]
[Round "2"]
[White "Sanjid, Latheef"]
[Black "Karthikeyan, P."]
[Result "0-1"]
[BlackTitle "IM"]
[WhiteElo "1965"]
[BlackElo "2414"]
[WhiteFideId "5043573"]
[BlackFideId "5018226"]
[EventDate "2012.11.23"]

1. Nf3 Nf6 2. b3 d5 3. Bb2 Bg4 4. e3 e6 5. Be2 Bd6 6. Ne5 Bxe2 7. Qxe2 O-O 8.
O-O Ne8 9. e4 c5 10. Nf3 Nc6 11. d3 Nc7 12. Nbd2 Qd7 13. d4 cxd4 14. Nxd4 Nxd4
15. Bxd4 e5 16. Bb2 d4 17. a4 Ne6 18. Qb5 Qc8 19. Nc4 Bc7 20. Qb4 Re8 21. Rad1
Nf4 22. Bc1 Nxg2 23. Kxg2 Qg4+ 24. Kh1 Qf3+ 25. Kg1 Re6 26. Rfe1 Rg6+ 27. Kf1
Rg2 28. Re2 Rxh2 29. Ke1 a5 30. Rd3 Rh1+ 0-1

[Event "ch-Commonwealth 2012"]
[Site "Chennai IND"]
[Date "2012.11.23"]
[Round "2"]
[White "G., Akash"]
[Black "Madhurima, Shekhar"]
[Result "0-1"]
[WhiteElo "2404"]
[BlackElo "1959"]
[WhiteFideId "5040299"]
[BlackFideId "5067910"]
[EventDate "2012.11.23"]

1. e4 e6 2. d4 d5 3. Nc3 Nf6 4. Bg5 Bb4 5. e5 h6 6. Be3 Ne4 7. Ne2 c5 8. dxc5
Nd7 9. a3 Nxc3 10. Nxc3 Bxc5 11. Bxc5 Nxc5 12. Qd4 Qb6 13. Bb5+ Bd7 14. b4 Bxb5
15. Qxc5 Qxc5 16. bxc5 Ba6 17. Rb1 Ke7 18. Kd2 Rac8 19. Na4 f6 20. Rhe1 Rhf8 21.
f3 Rc7 22. Rb4 fxe5 23. Rxe5 Bf1 24. Nc3 Rxc5 25. Rxb7+ Kf6 26. Re3 Rfc8 27. f4
Bxg2 28. Rd7 a5 29. h4 g6 30. Rd6 Be4 31. Rxe4 dxe4 32. Nxe4+ Ke7 33. Ra6 Rd5+
34. Ke3 Rxc2 35. Ra7+ Rd7 36. Rxa5 Rh2 37. Nc5 Rc7 38. Nd3 Rh3+ 39. Ke2 Rc2+ 40.
Kd1 Ra2 0-1

[Event "ch-Commonwealth 2012"]
[Site "Chennai IND"]
[Date "2012.11.23"]
[Round "2"]
[White "Ashwini, U"]
[Black "Navin, Kanna"]
[Result "1-0"]
[WhiteElo "1960"]
[BlackElo "2402"]
[WhiteFideId "5046785"]
[BlackFideId "5015294"]
[EventDate "2012.11.23"]

1. e4 e5 2. Nf3 Nc6 3. Bb5 Nd4 4. Nxd4 exd4 5. O-O Bc5 6. d3 c6 7. Bc4 d5 8.
exd5 cxd5 9. Re1+ Be6 10. Bb5+ Kf8 11. Ba4 Nf6 12. Bg5 h6 13. Bh4 Rg8 14. Nd2 a6
15. a3 b5 16. Bb3 g5 17. Bg3 h5 18. Nf3 Qb6 19. Qd2 Nh7 20. h4 f6 21. hxg5 fxg5
22. Re5 h4 23. Bxh4 Bd6 24. Rxe6 Bh2+ 25. Kxh2 Qxe6 26. Re1 Qd6+ 27. Bg3 Qh6+
28. Kg1 Nf6 29. Nxd4 Rh8 30. f3 Kf7 31. Nf5 Qh5 32. Qc3 Ra7 33. Bxd5+ Kg6 34.
Ne7+ Rxe7 35. Rxe7 Qh1+ 36. Kf2 Rf8 37. Be4+ Kh6 1-0

[Event "ch-Commonwealth 2012"]
[Site "Chennai IND"]
[Date "2012.11.24"]
[Round "3"]
[White "Adly, Ahmed"]
[Black "Deepak, Katiyar"]
[Result "1-0"]
[WhiteTitle "GM"]
[WhiteElo "2607"]
[BlackElo "2244"]
[WhiteFideId "10601619"]
[BlackFideId "5026792"]
[EventDate "2012.11.23"]

1. Nf3 Nf6 2. g3 e6 3. Bg2 d5 4. O-O Be7 5. d3 O-O 6. Nbd2 Nbd7 7. e4 dxe4 8.
dxe4 e5 9. Qe2 c5 10. Nc4 Qc7 11. Ne3 Re8 12. c4 Rb8 13. a4 b6 14. Nd5 Nxd5 15.
cxd5 a6 16. Be3 Bd6 17. Rfc1 Qd8 18. Nd2 b5 19. axb5 axb5 20. Nb3 Qe7 21. Na5
Bb7 22. Qxb5 Ba8 23. Qe2 Nb6 24. Qa6 Rec8 25. b4 Rc7 26. bxc5 Bxc5 27. Nc6 1-0

[Event "ch-Commonwealth 2012"]
[Site "Chennai IND"]
[Date "2012.11.24"]
[Round "3"]
[White "Padhya, Saumil"]
[Black "Adhiban, Baskaran"]
[Result "0-1"]
[BlackTitle "GM"]
[WhiteElo "2236"]
[BlackElo "2559"]
[WhiteFideId "5079853"]
[BlackFideId "5018471"]
[EventDate "2012.11.23"]

1. e4 c5 2. Nf3 d6 3. d4 cxd4 4. Nxd4 Nf6 5. Nc3 a6 6. Be2 e5 7. Nb3 Be7 8. O-O
O-O 9. a4 Nc6 10. f4 Nb4 11. Kh1 Bd7 12. Be3 Bc6 13. Bf3 Rc8 14. Rf2 d5 15. fxe5
Nxe4 16. Bxe4 dxe4 17. Nd4 Bc5 18. Nxc6 Rxc6 19. Bxc5 Rxc5 20. Rd2 Qe7 21. Nxe4
Rxe5 22. Ng3 Re8 23. Nf1 Qe6 24. Qf3 Nc6 25. Rad1 Rf5 26. Qc3 h5 27. h3 h4 28.
Qd3 Rf4 29. b3 Nd4 30. Ne3 Nf3 31. Nd5 Qe1+ 32. Qf1 Qxf1+ 33. Rxf1 Nxd2 34. Rxf4
Re1+ 35. Kh2 Nf1+ 36. Kg1 Ne3+ 37. Kf2 Nxd5 38. Rd4 Re5 39. c4 Rf5+ 40. Kg1 Nf4
41. Rd8+ Kh7 0-1

[Event "ch-Commonwealth 2012"]
[Site "Chennai IND"]
[Date "2012.11.24"]
[Round "3"]
[White "Deshpande, Aniruddha"]
[Black "Oleksienko, Mikhailo"]
[Result "0-1"]
[BlackTitle "GM"]
[WhiteElo "2222"]
[BlackElo "2551"]
[WhiteFideId "5021774"]
[BlackFideId "4152417"]
[EventDate "2012.11.23"]

1. Nf3 c5 2. b3 Nc6 3. Bb2 d5 4. e3 Qc7 5. d4 Nf6 6. Be2 e6 7. O-O Bd6 8. Na3 a6
9. c4 cxd4 10. exd4 O-O 11. Nc2 b6 12. Ne3 Ne7 13. Rc1 dxc4 14. bxc4 Bf4 15. Qb3
Nf5 16. Ba3 Re8 17. Rb1 Rb8 18. Nxf5 exf5 19. Bd3 b5 20. d5 Bb7 21. Bc1 Bd6 22.
Be3 Ng4 23. Bxf5 Nxe3 24. fxe3 g6 25. Bd3 Rxe3 26. cxb5 Qc5 27. Kh1 Bxd5 28. Qc2
Qxc2 29. Bxc2 Rxb5 30. Rxb5 axb5 31. Rd1 Rxf3 32. gxf3 Bxf3+ 33. Kg1 Bxd1 34.
Bxd1 b4 35. Bb3 Kg7 36. Kg2 f5 37. h3 g5 38. Ba4 Kf6 39. Bd7 Bc5 40. Kg3 Bd6+
41. Kg2 Be5 42. Kf2 Bc3 43. Kg2 Be1 44. Kf1 Bg3 45. Kg2 Bh4 46. Kh2 Ke5 47. Kg2
Kf4 48. Be8 g4 49. Bd7 h5 50. Bc8 Kg5 51. Bd7 f4 52. hxg4 hxg4 53. Bc6 Kf6 54.
Bd7 f3+ 55. Kf1 Kg5 56. Bc8 g3 0-1

[Event "ch-Commonwealth 2012"]
[Site "Chennai IND"]
[Date "2012.11.24"]
[Round "3"]
[White "Sidhant, Mohapatra"]
[Black "Dzhumaev, Marat"]
[Result "0-1"]
[BlackTitle "GM"]
[WhiteElo "2222"]
[BlackElo "2530"]
[WhiteFideId "5028698"]
[BlackFideId "14200236"]
[EventDate "2012.11.23"]

1. e4 c5 2. Nf3 d6 3. c3 Nf6 4. Be2 Nbd7 5. d3 b6 6. Nbd2 Bb7 7. O-O e6 8. Re1
Be7 9. Bf1 O-O 10. d4 cxd4 11. cxd4 Rc8 12. b3 d5 13. e5 Ne4 14. Bb2 Bb4 15. Bd3
f6 16. a3 Bc3 17. Bxe4 dxe4 18. Bxc3 exf3 19. Bb4 Rf7 20. Nxf3 fxe5 21. Nxe5
Nxe5 22. Rxe5 Qf6 23. Qd2 a5 24. Rae1 axb4 25. Rxe6 Qf5 26. Re8+ Rxe8 27. Rxe8+
Rf8 28. Rxf8+ Qxf8 29. axb4 Qf5 30. f3 Qb1+ 31. Kf2 Qxb3 32. Qf4 Qc2+ 33. Kg3 h6
34. b5 Kh7 35. Qe5 Qg6+ 36. Kf2 Qf6 37. Qe3 Qf5 38. Qe7 Bd5 39. h3 0-1

[Event "ch-Commonwealth 2012"]
[Site "Chennai IND"]
[Date "2012.11.24"]
[Round "3"]
[White "Lalith, Babu M.R."]
[Black "Kumaran, B"]
[Result "1-0"]
[WhiteTitle "GM"]
[WhiteElo "2528"]
[BlackElo "2197"]
[WhiteFideId "5024595"]
[BlackFideId "5038472"]
[EventDate "2012.11.23"]

1. d4 Nf6 2. c4 e6 3. Nc3 Bb4 4. e3 c5 5. Ne2 b6 6. a3 Bxc3+ 7. Nxc3 O-O 8. Be2
Bb7 9. O-O d5 10. cxd5 Nxd5 11. dxc5 Nxc3 12. bxc3 bxc5 13. a4 Nd7 14. a5 Ne5
15. Qc2 Qd5 16. f3 c4 17. Rd1 Qc6 18. Rd4 Rac8 19. Qa4 Qxa4 20. Rxa4 Ba6 21. e4
Nd3 22. Be3 Bb5 23. Ra1 a6 24. Rd6 Rfd8 25. Rb6 e5 26. Bd1 Rb8 27. Ba4 Nb2 28.
Bxb5 axb5 29. Rb1 Na4 30. R6xb5 Rxb5 31. Rxb5 Nxc3 32. Rc5 Nd1 33. Bc1 Nc3 34.
Rxc4 Nb5 35. Kf2 Kf8 36. Rc5 1-0

[Event "ch-Commonwealth 2012"]
[Site "Chennai IND"]
[Date "2012.11.24"]
[Round "3"]
[White "Nimmy, A.G."]
[Black "Sethuraman, S.P."]
[Result "0-1"]
[BlackTitle "GM"]
[WhiteElo "2189"]
[BlackElo "2520"]
[WhiteFideId "5015308"]
[BlackFideId "5021596"]
[EventDate "2012.11.23"]

1. e4 c5 2. Nf3 d6 3. d4 cxd4 4. Nxd4 Nf6 5. Nc3 a6 6. Be2 e6 7. O-O Be7 8. f4
Nc6 9. Be3 O-O 10. Kh1 Bd7 11. Qe1 b5 12. a3 Qb8 13. Bf3 Nxd4 14. Bxd4 e5 15.
Be3 Bc6 16. Qg3 a5 17. fxe5 dxe5 18. Nd5 Bxd5 19. exd5 Qd6 20. Bg5 g6 21. Rae1
Bd8 22. a4 bxa4 23. c4 Rc8 24. Rc1 Nd7 25. Bh6 Re8 26. Bd1 Nc5 27. Be3 a3 28.
bxa3 Bb6 29. Bxc5 Bxc5 30. Ba4 Re7 31. Rf3 e4 32. Qxd6 Bxd6 33. Rfc3 e3 34. Re1
Re4 35. Bb5 Bc5 36. g3 Rd8 37. Kg2 f5 38. Kf3 g5 39. Ke2 Kg7 40. Rf1 Kf6 41. Ba4
Rb8 42. Bb5 Ke5 43. Rd3 Rb6 44. d6 Rxd6 45. Rxd6 Bxd6 46. a4 Bc5 47. Rd1 Rd4 48.
Rxd4 Bxd4 49. Bd7 g4 50. Kd3 h5 51. Be8 h4 52. gxh4 f4 53. Bh5 f3 54. Bxg4 e2
55. Kd2 Bc3+ 0-1

[Event "ch-Commonwealth 2012"]
[Site "Chennai IND"]
[Date "2012.11.24"]
[Round "3"]
[White "Venkatesh, M.R."]
[Black "Anilkumar, O.T."]
[Result "1/2-1/2"]
[WhiteTitle "GM"]
[WhiteElo "2520"]
[BlackElo "2173"]
[WhiteFideId "5005779"]
[BlackFideId "5017530"]
[EventDate "2012.11.23"]

1. e4 e6 2. d3 d5 3. Nd2 Nf6 4. Ngf3 Bc5 5. e5 Nfd7 6. d4 Be7 7. Bd3 c5 8. c3
Nc6 9. O-O Qb6 10. dxc5 Nxc5 11. Bc2 a5 12. Nb3 Nxb3 13. axb3 Qc7 14. Re1 b6 15.
Ng5 h6 16. Qh5 g6 17. Qh3 Nxe5 18. Bf4 Bd6 19. Bg3 f5 20. Nxe6 Bxe6 21. Bxe5
Bxe5 22. f4 Bd4+ 23. cxd4 Kf7 24. Qe3 Rhe8 25. Bd3 Bd7 26. Qf3 Rxe1+ 27. Rxe1
Be6 28. Bxf5 gxf5 29. Qh5+ Kg7 30. Rxe6 Qc1+ 31. Kf2 Qxf4+ 32. Ke2 Qg5 33. Qxg5+
hxg5 34. Re5 Kf6 35. Rxd5 Re8+ 36. Kd3 g4 37. Rd6+ Kg5 38. d5 Re1 39. g3 Rd1+
40. Kc4 Rd2 41. Re6 Rxh2 42. d6 Rd2 43. Kb5 f4 44. gxf4+ Kf5 45. Rh6 g3 46. Rh5+
Kxf4 47. Rh6 Kf5 48. Rh3 Kf4 49. Rh6 Kf5 50. Rh3 g2 51. Rg3 Ke6 52. Kxb6 Kxd6
53. Kxa5 Rxb2 54. b4 Kc6 55. Rg6+ Kd5 56. b5 1/2-1/2

[Event "ch-Commonwealth 2012"]
[Site "Chennai IND"]
[Date "2012.11.24"]
[Round "3"]
[White "Neelotpal, Das"]
[Black "Sahu, Vikramaditya"]
[Result "1-0"]
[WhiteTitle "GM"]
[WhiteElo "2467"]
[BlackElo "2162"]
[WhiteFideId "5003512"]
[BlackFideId "5023653"]
[EventDate "2012.11.23"]

1. d4 Nf6 2. c4 c5 3. d5 e5 4. Nc3 d6 5. g3 Be7 6. Bg2 O-O 7. e4 Nbd7 8. Nge2
Ne8 9. O-O g6 10. Bh6 Ng7 11. Qd2 Nf6 12. h3 Kh8 13. Rad1 Ng8 14. Be3 a6 15. f4
Bf6 16. a4 b6 17. g4 exf4 18. Nxf4 Ra7 19. Nd3 Qe8 20. b4 Rc7 21. bxc5 bxc5 22.
Rxf6 Nxf6 23. Bf4 Qd7 24. e5 Nfe8 25. Ne4 Qxa4 26. exd6 Ra7 27. Ndxc5 Qa3 28.
Be5 1-0

[Event "ch-Commonwealth 2012"]
[Site "Chennai IND"]
[Date "2012.11.24"]
[Round "3"]
[White "Karma, Pandya"]
[Black "Laxman, R.R."]
[Result "1/2-1/2"]
[BlackTitle "GM"]
[WhiteElo "2153"]
[BlackElo "2461"]
[WhiteFideId "5030331"]
[BlackFideId "5005361"]
[EventDate "2012.11.23"]

1. e4 e5 2. Nf3 Nc6 3. Bb5 a6 4. Ba4 Nf6 5. d3 d6 6. c3 g6 7. Nbd2 Bg7 8. O-O
O-O 9. Re1 Nd7 10. Bc2 Nc5 11. Nb3 Nxb3 12. Bxb3 Be6 13. Be3 Bxb3 14. Qxb3 Qd7
15. Rad1 b5 16. d4 Rae8 17. dxe5 Nxe5 18. Nxe5 Rxe5 19. Bd4 Re6 20. Bxg7 Kxg7
21. Qd5 Rfe8 22. Re3 Re5 23. Qd4 Kg8 24. Rde1 a5 25. f4 R5e7 26. h3 a4 27. e5
dxe5 28. Qxd7 Rxd7 29. Rxe5 Rxe5 30. Rxe5 c6 31. Kf2 f6 32. Re3 Kf7 33. Ke2 h5
34. g4 Rd5 35. Rd3 Rc5 36. Kf3 h4 37. a3 Ke6 38. Rd4 Rd5 39. Ke3 f5 40. gxf5+
Rxf5 41. Ke4 g5 42. Rd6+ Kxd6 43. Kxf5 gxf4 44. Kxf4 Kd5 45. Ke3 Kc4 46. Kd2 Kc5
47. Ke3 Kd5 48. Kd3 Kc5 49. Ke3 Kc4 50. Kd2 Kb3 51. Kc1 c5 52. Kb1 Kc4 53. Kc2
b4 54. cxb4 cxb4 55. axb4 Kxb4 56. Kb1 Kb3 57. Ka1 a3 1/2-1/2

[Event "ch-Commonwealth 2012"]
[Site "Chennai IND"]
[Date "2012.11.24"]
[Round "3"]
[White "Akshayraj, Kore"]
[Black "Visakh, NR"]
[Result "1/2-1/2"]
[WhiteTitle "IM"]
[WhiteElo "2459"]
[BlackElo "2152"]
[WhiteFideId "5012414"]
[BlackFideId "25012223"]
[EventDate "2012.11.23"]

1. d4 Nf6 2. c4 e6 3. Nc3 d5 4. cxd5 exd5 5. Bg5 Be7 6. e3 O-O 7. Bd3 Nbd7 8.
Nge2 b6 9. O-O Bb7 10. Rc1 c5 11. a3 Ne4 12. Bxe7 Qxe7 13. Nxe4 dxe4 14. Bb5
Rfd8 15. b4 Ne5 16. bxc5 a6 17. cxb6 axb5 18. Rc7 Rd7 19. dxe5 Rxc7 20. bxc7
Qxc7 21. Qd4 h6 22. Nc3 Qc4 23. Qxc4 bxc4 24. a4 Bc6 25. h4 Bxa4 26. Ra1 Bc6 27.
Rxa8+ Bxa8 28. Kh2 g5 29. Kg3 f5 30. exf6 Kf7 31. Kg4 Kxf6 32. Kh5 gxh4 33. Kxh4
Ke5 34. Kh5 Kd6 35. Kxh6 Kc5 36. Kg5 Kb4 37. Ne2 c3 38. Nd4 Kc4 39. Kf4 Kd3 40.
Ke5 c2 41. Nxc2 Kxc2 42. Kd4 Bc6 43. g4 Kd2 44. g5 Ke2 45. g6 Be8 46. g7 Bf7 47.
Kxe4 Kxf2 48. Kf4 Ke2 49. e4 Kd3 50. e5 Kd4 51. Kf5 Kd5 52. e6 Bxe6+ 1/2-1/2

[Event "ch-Commonwealth 2012"]
[Site "Chennai IND"]
[Date "2012.11.24"]
[Round "3"]
[White "Dimakiling, Oliver"]
[Black "Dahale, Atul"]
[Result "0-1"]
[WhiteTitle "IM"]
[WhiteElo "2453"]
[BlackElo "2123"]
[WhiteFideId "5202248"]
[BlackFideId "5037794"]
[EventDate "2012.11.23"]

1. c4 Nf6 2. Nc3 c5 3. g3 e6 4. Nf3 b6 5. Bg2 Bb7 6. O-O a6 7. Re1 Ne4 8. Nxe4
Bxe4 9. d3 Bb7 10. e4 Be7 11. d4 d6 12. a3 O-O 13. Rb1 cxd4 14. Nxd4 Nd7 15. Be3
Rc8 16. Rc1 Re8 17. b4 Rc7 18. f4 Qa8 19. Qd3 Bf8 20. Bf2 Rec8 21. Rc2 g6 22.
Ree2 e5 23. Nb3 f5 24. Be1 fxe4 25. Qd1 Rxc4 26. Rxc4 Rxc4 27. Bh3 Rc7 28. Be6+
Kh8 29. f5 Qe8 30. Bf2 Rc3 31. Nd2 Nf6 32. Nf1 e3 33. Bxe3 Qc6 34. Bg5 Qh1+ 35.
Kf2 Ne4+ 36. Rxe4 Qxe4 37. Ne3 Rd3 38. Qe2 Qd4 39. Kf1 Rd2 40. Nc2 Rxe2 41. Nxd4
Rxh2 42. Ne2 Be4 43. f6 h6 44. Be3 Bd3 45. Bg4 h5 46. Bg1 hxg4 47. Bxh2 Bxe2+
48. Kxe2 d5 49. Bg1 d4 50. Kd3 Kg8 51. Ke4 Bh6 52. Kxe5 d3 53. Ke6 d2 54. f7+
Kh7 55. Be3 d1=Q 56. Bxh6 Qe2+ 57. Kd7 Qd3+ 58. Ke7 Qe4+ 59. Kd6 Qd4+ 60. Ke6
Qc4+ 61. Kf6 Qc6+ 62. Ke7 Qc7+ 63. Ke6 Qc8+ 64. Ke7 Kxh6 65. f8=Q+ Qxf8+ 66.
Kxf8 Kg5 67. Ke7 Kf5 68. Kd6 Ke4 69. Kc6 b5 70. Kb6 Kf3 71. Kxa6 Kxg3 72. a4
bxa4 73. b5 0-1

[Event "ch-Commonwealth 2012"]
[Site "Chennai IND"]
[Date "2012.11.24"]
[Round "3"]
[White "Pranav, Vijay"]
[Black "Narayanan, Srinath"]
[Result "0-1"]
[BlackTitle "IM"]
[WhiteElo "2127"]
[BlackElo "2438"]
[WhiteFideId "5091640"]
[BlackFideId "5018420"]
[EventDate "2012.11.23"]

1. d4 Nf6 2. c4 e6 3. g3 c5 4. Nf3 cxd4 5. Nxd4 d5 6. Bg2 e5 7. Nf3 d4 8. O-O
Nc6 9. e3 Be7 10. exd4 exd4 11. b3 O-O 12. Bb2 Bc5 13. a3 a5 14. Ne1 Bg4 15. Qd2
Ne5 16. Nd3 Nxd3 17. Qxd3 Re8 18. Bf3 Qd7 19. Rd1 Bf5 20. Qd2 Ne4 21. Bxe4 Bxe4
22. Qf4 Qh3 23. f3 d3+ 24. Kh1 Bxf3+ 25. Qxf3 Re2 0-1

[Event "ch-Commonwealth 2012"]
[Site "Chennai IND"]
[Date "2012.11.24"]
[Round "3"]
[White "Sundararajan, Kidambi"]
[Black "Harihara Sudan, M"]
[Result "1-0"]
[WhiteTitle "GM"]
[WhiteElo "2434"]
[BlackElo "2113"]
[WhiteFideId "5005370"]
[BlackFideId "5045312"]
[EventDate "2012.11.23"]

1. d4 Nf6 2. c4 e6 3. Nc3 Bb4 4. e3 O-O 5. Bd3 c5 6. Nf3 d5 7. O-O dxc4 8. Bxc4
cxd4 9. exd4 b6 10. Bg5 Bb7 11. Qe2 Bxc3 12. bxc3 Nbd7 13. Ne5 Qc7 14. Bd3 h6
15. Bd2 Rfd8 16. f4 Qd6 17. Rae1 Rac8 18. Kh1 Rc7 19. a4 a5 20. Rb1 Ba8 21. Nc4
Qc6 22. Na3 Nf8 23. Nb5 Rcd7 24. Rbe1 Rd5 25. Rf3 Rh5 26. Rg3 Rh4 27. Kg1 Rd5
28. c4 Rdh5 29. d5 exd5 30. Nd4 Qd7 31. Nf3 dxc4 32. Nxh4 cxd3 33. Rxd3 Qxa4 34.
Rd8 Qc6 35. Qe7 Nd7 36. Rc1 Rc5 37. Rxc5 bxc5 38. Bxa5 Qd5 39. Bc3 Bc6 40. h3
Qc4 41. Qe3 Qd5 42. Qg3 g5 43. fxg5 Qxg5 44. Qxg5+ hxg5 45. Nf5 Kh7 46. g4 Bb5
47. Kf2 Ba4 48. Ke3 Kg6 49. Ne7+ Kh7 50. Ra8 Bb3 51. Rd8 Be6 52. Ke4 Ng6 53. Nd5
Ngf8 54. Nc7 Bb3 55. Ne8 Kg6 56. Nd6 Ba2 57. Ke3 Bd5 58. Nf5 Bb3 59. Bg7 Ne6 60.
Rxd7 Nxg7 61. Nxg7 Kxg7 62. Rc7 c4 63. Kd4 Kg6 64. Rc6+ f6 65. Rc7 Ba2 66. Ke4
Bb3 67. Rb7 Bd1 68. Rc7 Bb3 69. Kd4 Ba2 70. Rb7 Bb3 71. Rd7 Ba4 72. Rc7 Bb3 73.
Ra7 Kh6 74. Ra3 Kg7 75. Kd5 Kf7 76. Ra7+ Kg6 77. Rb7 Ba2 78. Rb2 Bb3 79. Ke6 Kg7
80. Ke7 Ba4 81. Rb4 Bb3 82. Rb6 Ba4 83. Rxf6 c3 84. Rf7+ Kg6 85. Rf6+ Kg7 86.
Rf5 Kg6 87. Rc5 c2 88. Ke6 Bb3+ 89. Ke5 Ba4 90. Rc7 Bb3 91. Rc6+ Kf7 92. Kf5 1-0

[Event "ch-Commonwealth 2012"]
[Site "Chennai IND"]
[Date "2012.11.24"]
[Round "3"]
[White "Meera, Sai"]
[Black "Shyam, Nikil P."]
[Result "1/2-1/2"]
[WhiteTitle "WIM"]
[BlackTitle "IM"]
[WhiteElo "2122"]
[BlackElo "2431"]
[WhiteFideId "5004357"]
[BlackFideId "5024218"]
[EventDate "2012.11.23"]

1. e4 e6 2. d3 d5 3. Nd2 c5 4. Ngf3 Nc6 5. g3 Nf6 6. Bg2 Be7 7. O-O O-O 8. e5
Ne8 9. Re1 f6 10. exf6 Bxf6 11. Nb3 b6 12. d4 c4 13. Nbd2 Nxd4 14. Nxc4 Nxf3+
15. Bxf3 Qc7 16. Ne3 Bb7 17. Ng4 Qf7 18. Bg2 Rd8 19. Qe2 e5 20. Bd2 Nd6 21. Bb4
Rfe8 22. Bxd6 Rxd6 23. Rad1 e4 24. Nxf6+ Rxf6 25. Rd2 Rf8 26. Qe3 Qh5 27. Qe2
Qg5 28. Qe3 Qh5 29. Qe2 Qe5 30. Qb5 Qg5 31. Rde2 Kh8 32. Qb4 Qe5 33. f4 Qc7 34.
Qd4 h6 35. Rd2 Re8 36. Re3 Qf7 37. Re1 Kh7 38. Re3 g5 39. fxg5 hxg5 40. Re1 Rf8
41. Qe3 Kg6 42. c4 dxc4 43. Bxe4+ Kh6 44. h4 Rf1+ 45. Kh2 Rf2+ 46. Kg1 Rf1+ 47.
Kh2 Rf2+ 1/2-1/2

[Event "ch-Commonwealth 2012"]
[Site "Chennai IND"]
[Date "2012.11.24"]
[Round "3"]
[White "Rathnakaran, K."]
[Black "Anuprita, Patil"]
[Result "1-0"]
[WhiteTitle "IM"]
[WhiteElo "2430"]
[BlackElo "2111"]
[WhiteFideId "5005507"]
[BlackFideId "5012635"]
[EventDate "2012.11.23"]

1. e4 c5 2. Nf3 e6 3. d3 Nc6 4. g3 g6 5. Bg2 Bg7 6. O-O Nge7 7. Nc3 O-O 8. Be3
Nd4 9. Qd2 Rb8 10. Bh6 d6 11. h4 b5 12. Bxg7 Kxg7 13. Nh2 e5 14. Nd1 f5 15. c3
Ne6 16. exf5 gxf5 17. a4 b4 18. Re1 f4 19. g4 Bb7 20. Bxb7 Rxb7 21. f3 bxc3 22.
bxc3 Qa5 23. Qa2 Nc7 24. h5 Ned5 25. Rc1 Qb6 26. a5 Qa6 27. d4 cxd4 28. cxd4 Nb4
29. Qa4 Nd3 30. Rc6 Nxe1 31. Rxa6 Nxa6 32. Qc6 Rb1 33. h6+ Kg8 34. Qd7 Rf7 35.
Qe8+ Rf8 36. Qe7 1-0